Economic Policy in a Dynamic Environment

Informácia o zámeroch a cieľoch konferencie, ktorá sa konala v dňoch 27-28 mája 2016 v Bratslave.

Na minha lista:
Detalhes bibliográficos
Autor principal: Kahanec, Martin, 1977-
Outros Autores: Luptáčik, Mikuláš, Schmidt-Dengler, Philipp
Formato: Capítulo de Livro
Idioma:inglês
Assuntos:
Tags: Adicionar Tag
Sem tags, seja o primeiro a adicionar uma tag!

MARC

LEADER 00000nla a2200000 4500
001 0240401
005 20250702143658.9
041 0 |a eng 
044 |a NL 
245 1 0 |a Economic Policy in a Dynamic Environment  |c Martin Kahanec, Mikuláš Luptáčik, Philipp Schmidt-Dengler 
520 |a Informácia o zámeroch a cieľoch konferencie, ktorá sa konala v dňoch 27-28 mája 2016 v Bratslave. 
610 2 0 |a Slovensko 
610 2 0 |a politika hospodárska medzinárodná 
610 2 0 |a konferencie 
610 2 0 |a prostredie ekonomické 
610 2 0 |a migrácia 
610 2 0 |a Rakúsko 
100 1 |a Kahanec, Martin, 1977- 
700 1 |a Luptáčik, Mikuláš 
700 1 |a Schmidt-Dengler, Philipp